Lorde - Solar Power - Statistics

General Stats
  • This quiz has been taken 19 times
  • The average score is 163 of 218
Answer Stats
Lyric % Correct
a
100%
I
100%
me,
100%
me?
100%
the
100%
The
100%
all
92%
all,
92%
Can
92%
can
92%
can't
92%
cold
92%
hate
92%
he's
92%
(He's
92%
in
92%
it?
92%
it
92%
My
92%
my
92%
No
92%
no
92%
No,
92%
on
92%
only
92%
over
92%
(Over,
92%
over,
92%
over)
92%
stand
92%
when
92%
winter,
92%
Yeah,
92%
you
92%
boy
85%
cancel
85%
Come
85%
come
85%
comes,
85%
heat
85%
I'm
85%
kick
85%
pictures
85%
pictures)
85%
plans
85%
shirt,
85%
shoes,
85%
taking
85%
to
85%
behind
77%
But
77%
kind
77%
like
77%
peaches
77%
tend
77%
and
69%
And
69%
features
69%
hold
69%
It's
69%
Jesus
69%
kinda
69%
new
69%
of
69%
power
69%
prettier
69%
solar
69%
(Solar,
69%
solar,
69%
solar)
69%
Solar
69%
takes
69%
that
69%
That
69%
beaches
62%
cheeks
62%
colour,
62%
one,
62%
reach
62%
something
62%
feel
54%
Forget
54%
girls
54%
kicking
54%
overripe
54%
secrets
54%
water
54%
Are
46%
are
46%
boys
46%
cellular
46%
cried
46%
device
46%
high
46%
onto
46%
sand
46%
tears
46%
tell
46%
three
46%
throw
46%
you've
46%
aquamarine
38%
baby?
38%
Blink
38%
coming,
38%
dancing
38%
green,
38%
I'll
38%
mind
38%
times
38%
Turn
38%
Acid
31%
let
31%
state
31%
begin
23%
Lead
23%
bliss
15%
bright
15%
No matching quizzes found
Score Distribution
Percent of People with Each Score
Percentile by Number Answered
Your Score History
You have not taken this quiz